[Event "Pia Cramling Ladies Open 2018"]
[Site "Stockholm"]
[Date "2018.09.02"]
[Round "5"]
[White "Reizniece-Ozola, Dana"]
[Black "Cramling Bellon, Anna"]
[Result "1-0"]
[WhiteElo "2304"]
[BlackElo "2009"]
[Annotator "TA"]
[PlyCount "145"]
[EventDate "2018.09.01"]
[EventType "swiss"]
[EventCountry "SWE"]
[SourceTitle "playchess.com"]
[Source "ChessBase"]
[SourceQuality "1"]

{[%evp 24,145,10,10,25,45,64,54,95,94,94,88,97,93,83,85,128,128,145,145,142,134,126,125,296,81,83,82,101,104,84,84,84,84,102,54,58,43,43,44,112,48,48,48,48,58,36,53,62,2,19,19,18,20,114,126,139,0,0,0,0,0,12,12,85,90,83,25,25,25,25,25,35,38,64,0,21,21,26,8,8,8,64,64,64,64,64,64,64,64,64,64,64,64,64,64,64,64,64,64,64,64,714,649,4133,3314,4806,4936,29973,29975,29975,29976,29976,29976,29975,29977,29977,29978,29982,29983,29983,29984,29985,29986]} 1. c4 c5 2. Nf3 Nc6 3. Nc3 e5 4. g3 d6 5. Bg2 g6 6. O-O Bg7 7. a3 a5 8. Ne1 {[%cal Bf3e1,Be1c2,Bc2e3][%mdl 32]} Nge7 9. Nc2 Be6 10. Ne3 O-O 11. Rb1 Rb8 12. d3 {A37: Symmetrical English vs ...g6: 4 Bg2 Bg7 5 Nf3} Nd4 13. Ned5 {LiveBook: 12 Games} b5 (13... Nxd5 14. cxd5 Bd7 15. a4 b5 16. e3 b4 17. Ne4 Nf5 18. b3 Bc8 19. Nd2 Ba6 20. Qc2 Nh6 21. Bb2 f5 {½-½ (44) Howell,D (2639)-Jones,G (2643) Torquay 2013}) 14. e3 $146 {White has an edge.} ({Predecessor:} 14. Nxe7+ Qxe7 15. e3 b4 16. axb4 axb4 17. Nd5 Bxd5 18. Bxd5 Ne6 19. Ra1 f5 {1-0 (41) Schebler,G (2486)-De Haan,E (2349) Belgium 2009}) 14... Bxd5 15. Nxd5 Ne6 16. cxb5 Nxd5 17. Bxd5 Nc7 18. Bg2 Rxb5 19. Bd2 Qb8 20. a4 Rxb2 21. Bxa5 Na6 22. Bc3 Rxb1 23. Qxb1 Qa7 $2 (23... Nb4 $16) 24. Qb5 $2 (24. Qb7 $18 {is the precise move to win.} Qxb7 25. Bxb7) 24... Rb8 $16 25. Qc6 Qb6 26. Qd7 Qc7 27. Qxc7 Nxc7 28. Ba5 Na6 29. Bc6 Rb3 30. Bb5 Nb4 31. Bc7 d5 ({Black should play} 31... Bf8 $14) 32. Bd6 (32. e4 $16) 32... Nxd3 $14 33. Bxd3 Rxd3 {[%mdl 4096] Endgame KRB-KRB} 34. Rb1 h5 35. Bxc5 {aiming for a5.} Rc3 36. Be7 ({Better is} 36. Rb8+ $14 Kh7 37. Bb4 Rc1+ 38. Kg2) 36... d4 37. exd4 exd4 38. a5 Rc2 (38... Rc7 $1 $11 {remains equal.} 39. Rb8+ Kh7) 39. Rb8+ $16 Kh7 {[#]} 40. Rd8 ({Only move:} 40. Rb3 $1 $16) 40... Ra2 $11 41. Rd5 d3 {Strongly threatening ...d2.} 42. Bb4 Ra4 43. Bd2 Ra3 (43... Bd4 $1 $11) 44. Kg2 $16 Bf8 45. Kf3 (45. Rd8 $16 Kg7 46. Rc8 (46. Rxf8 $2 Kxf8 47. Kf3 Ke8 $19)) 45... Bh6 $1 $11 {[%cal Rh6d2]} 46. Bxh6 Kxh6 {KR-KR} 47. Ke3 Kg7 48. h4 Kf6 49. Rd6+ (49. Rb5 $14) 49... Ke7 50. Ra6 Kd7 51. Ra7+ Ke6 52. a6 Kd5 (52... f6 $11) 53. Rxf7 $14 {[#] Threatens to win with Rf6.} Rxa6 54. Kxd3 Ra3+ 55. Ke2 {Black must now prevent Rf6.} Ke6 56. Rf4 Rb3 57. Rf3 Rb4 58. Ra3 Kf5 59. Kf3 Rb5 60. Ra8 Rb3+ 61. Kg2 Rb2 62. Rf8+ Ke4 $2 {[%mdl 8192]} (62... Ke5 $14) 63. Rf6 $18 g5 64. hxg5 {[%cal Bh4g5,Bg5g6][%mdl 32]} Rb5 65. g6 Rg5 66. Kh3 {White mates.} Ke5 67. Ra6 Kf5 68. Ra5+ Kxg6 69. Rxg5+ Kxg5 70. f3 {[%cal Bf2f3,Bf3f4,Bf4f5][%mdl 32]} Kh6 71. Kh4 Kg6 72. f4 Kh6 73. f5 {Precision: White = 71%, Black = 40%.} 1-0

[Event "Pia Cramling Ladies Open 2018"]
[Site "Stockholm"]
[Date "2018.09.02"]
[Round "5"]
[White "Tetenkina, Irina"]
[Black "Nilsson, Kajsa"]
[Result "1-0"]
[WhiteElo "2214"]
[BlackElo "1704"]
[Annotator "TA"]
[PlyCount "100"]
[EventDate "2018.09.01"]
[EventType "swiss"]
[EventCountry "SWE"]
[SourceTitle "playchess.com"]
[Source "ChessBase"]
[SourceQuality "1"]

{[%evp 11,100,-1,5,-4,-4,-12,-5,-21,-17,-20,-16,-14,35,-8,13,-22,-14,-22,-17,-42,-38,-39,-39,-45,-31,-45,-46,-61,-51,-48,-48,-47,-47,-135,-134,-114,-29,-76,132,139,804,785,758,662,659,632,627,508,468,427,483,430,451,413,444,442,541,437,427,402,435,399,409,395,405,394,396,0,493,472,620,614,826,809,929,658,764,758,914,909,889,856,1008,851,850,867,857,853,847,816,762]} 1. Nf3 d5 2. g3 Nf6 3. Bg2 e6 4. O-O c5 5. d4 Nc6 6. c3 b6 {LiveBook: 3 Games} 7. Nbd2 {D02: 1 d4 d5 2 Nf3 sidelines, including 2...Nf6 3 g3 and 2...Nf6 3 Bf4} (7. Ne5 Bb7 8. Qa4 Rc8 9. Bf4 Bd6 10. Nd2 O-O 11. Ndf3 Ne4 12. Rfd1 cxd4 13. cxd4 Na5 14. Rdc1 Qe7 {½-½ (55) Galliamova,A (2450)-Kovalevskaya,E (2437) Sochi 2016}) 7... Bb7 8. dxc5 Bxc5 $146 ({Predecessor:} 8... bxc5 9. Re1 Be7 10. b3 O-O 11. Bb2 e5 12. c4 Qc7 13. cxd5 Nxd5 {1-0 (32) Beisser,J (2066)-Salzmann,H (1905) Hamburg 2005}) 9. Nb3 {The position is equal.} Bd6 10. Nbd4 Nxd4 11. Nxd4 Rc8 12. Bg5 O-O 13. Qa4 Bb8 14. Rad1 h6 15. Be3 Qe7 16. Qc2 Rfd8 17. f3 Ne8 18. Bf2 Nd6 19. e4 dxe4 20. fxe4 Nc4 21. Qe2 Ne5 22. Qh5 ({White should play} 22. Be3 $15) 22... Ba6 $17 23. Rfe1 {[#]} Ng6 (23... Nd3 $1 $17 24. Re2 Rc5) 24. e5 Qc7 $2 {[#]} (24... Qe8 $17 {stays on course.}) 25. Nxe6 $1 $16 {[%mdl 512]} Qe7 $2 {[%mdl 8192]} (25... fxe6 $16 26. Qxg6 Qf7 27. Qxf7+ Kxf7) 26. Nxd8 $18 Rxd8 27. Rxd8+ Qxd8 28. e6 Bc4 29. exf7+ Bxf7 30. Qe2 Bd6 31. Bd4 Qc7 32. Qc2 Ne7 33. Be4 Nd5 34. Qg2 Nf6 35. Bb1 Bc5 36. Qf2 Bxd4 37. Qxd4 Nd5 38. Qe4 {Black must now prevent Qh7+.} Qc5+ 39. Qd4 $2 (39. Kg2 $18 {Strongly threatening Qh7+.} Nf6 40. Qa8+ Qf8 41. Qxf8+ (41. Qxa7 Bd5+ 42. Kg1 Qc5+ 43. Kf1 Bc4+ 44. Kg2 Bd5+ 45. Kf1 Bc4+ 46. Re2 Bxe2+ 47. Kxe2 Qh5+ 48. Ke1 Qe5+ 49. Kf1 Qb5+ 50. Kg1 Qc5+ 51. Kf1 Qb5+ 52. Ke1 Qe5+ 53. Kf2 Qc5+ 54. Kf1 Qb5+ $11) 41... Kxf8 42. Kf3) 39... Qxd4+ $4 {[%mdl 8192]} (39... Qc7 $1 $11 {and Black stays safe.} 40. c4 Nf6) 40. cxd4 $11 {[%mdl 4096] Endgame KRB-KBN. White is clearly winning.} Nb4 41. Re7 Nc6 42. Rc7 {Threatening mate with Rc8+.} Nxd4 43. Rxa7 {aiming for Ra8+.} Bc4 44. Kf2 Ne6 45. b3 Bd5 46. Rd7 Ba8 47. Rd6 Kf7 48. Rxb6 Nc5 49. Ke3 Nd7 50. Ra6 Bh1 {Precision: White = 50%, Black = 29%.} 1-0

[Event "Pia Cramling Ladies Open 2018"]
[Site "Stockholm"]
[Date "2018.09.02"]
[Round "5"]
[White "Mariano-Wågman, Christine Rose"]
[Black "Johansson, Viktoria"]
[Result "1/2-1/2"]
[WhiteElo "2084"]
[BlackElo "2106"]
[Annotator "NA RC"]
[PlyCount "97"]
[EventDate "2018.09.01"]
[EventType "swiss"]
[EventCountry "SWE"]
[SourceTitle "playchess.com"]
[Source "ChessBase"]
[SourceQuality "1"]
[TimeControl "1800+10"]

{[%evp 8,80,13,0,0,32767,32767,32767,32767,32767,32767,32767,32767,32767,32767,32767,-39,-45,-33,-22,-2,-19,-18,-23,57,18,14,23,29,20,77,67,78,68,80,36,86,32767,93,88,89,32767,116,82,225,239,32767,32767,315,329,32767,32767,32767,90,120,74,112,0,83,-8,0,32767,32767,32767,32767,32767,32767,32767,32767,32767,32767,32767,32767,32767,0]} 1. e4 {[%emt 0:00:00]} c5 {[%emt 0:00:00]} 2. Nc3 {[%emt 0:00:00]} Nc6 {[%emt 0:00:05]} 3. Nge2 {[%emt 0:00:01]} g6 {[%emt 0:00:15]} 4. g3 {[%emt 0:00:04]} Bg7 {[%emt 0:00:06]} 5. Bg2 {[%emt 0:00:04] LiveBook: 392 Games} d6 {[%emt 0:00:47]} 6. O-O {[%emt 0:00:11]} e6 {[%emt 0:00:22]} 7. d3 {[%emt 0:00:04]} Nge7 {[%emt 0:00:16]} 8. f4 {[%emt 0:00:27]} O-O {[%emt 0:00:14]} 9. h3 {[%emt 0:00:05] B25: Closed Sicilian: 3 g3, lines without early Be3} (9. Be3 Nd4 10. Qd2 Rb8 11. Nd1 b5 12. g4 f5 13. gxf5 exf5 14. c3 Nxe2+ 15. Qxe2 Qc7 16. Nf2 Re8 17. Nh3 h6 18. Qf2 Be6 19. e5 {½-½ (48) Rahls,P (2238)-Faibisovich,V (2312) Dresden 2018}) 9... Rb8 {[%emt 0:00:29]} 10. a4 {[%emt 0:00:04]} a6 {[%emt 0:00:29]} 11. g4 {[%emt 0:00:09]} f5 {[%emt 0:00:30]} 12. Ng3 {[%emt 0:01:10]} Nd4 {[%emt 0:04:31]} 13. Nce2 {[%emt 0:00:28]} b5 {[%emt 0:00:40]} 14. axb5 {[%emt 0:03:31]} axb5 {[%emt 0:00:17]} 15. exf5 $146 {[%emt 0:00:17]} ({Predecessor:} 15. c3 Nxe2+ 16. Qxe2 Qc7 17. Be3 Bb7 {1-0 (54) Colin,P (1830)-Bertin,C (1616) Troyes 2010}) 15... gxf5 {[%emt 0:02:50]} ({Black should play} 15... Nxe2+ $11 16. Qxe2 exf5) 16. Nxd4 {[%emt 0:00:18]} (16. c3 $5 {[%cal Rc3d4]} Nxe2+ 17. Qxe2 $14) 16... Bxd4+ {[%emt 0:03:57]} 17. Kh2 {[%emt 0:00:01]} b4 {[%emt 0:01:13]} 18. Qe1 {[%emt 0:00:41]} Kh8 {[%emt 0:02:52]} 19. c3 {[%emt 0:00:08]} bxc3 {[%emt 0:00:58]} 20. bxc3 {[%emt 0:00:02]} Bg7 {[%emt 0:00:06]} 21. Ra7 {[%emt 0:00:44]} Bd7 {[%emt 0:06:48]} 22. Nh5 {[%emt 0:00:28]} Rf7 {[%emt 0:02:29]} 23. Nxg7 {[%emt 0:01:04]} Rxg7 {[%emt 0:00:04]} 24. g5 {[%emt 0:00:20]} Nc8 {[%emt 0:00:32]} 25. Ra2 {[%emt 0:00:26]} Qc7 {[%emt 0:00:45] [#]} (25... h6 $16) 26. c4 $1 {[%emt 0:00:11]} Kg8 {[%emt 0:00:33]} 27. Bb2 {[%emt 0:00:05]} Rg6 {[%emt 0:00:23]} 28. Qc3 {[%emt 0:00:11]} e5 {[%emt 0:01:16]} 29. Bd5+ {[%emt 0:01:53]} Kf8 {[%emt 0:00:01]} 30. h4 $2 {[%emt 0:00:32]} (30. fxe5 $18 {has better winning chances.} dxe5 31. Qe1 e4+ 32. Kh1) 30... Ne7 {[%emt 0:00:05]} 31. h5 {[%emt 0:00:12]} Rg7 {[%emt 0:00:02]} 32. fxe5 {[%emt 0:00:05]} (32. Bg2 $16) 32... dxe5 {[%emt 0:00:01]} (32... Nxd5 $11 {hält das Gleichgewicht.} 33. cxd5 dxe5) 33. Ra8 {[%emt 0:05:01]} (33. Qe1 $1 $14 Rxb2+ 34. Rxb2 Rxg5 35. Qh4) 33... Rxa8 34. Bxa8 {[%emt 0:00:02]} Rxg5 {[%emt 0:00:16]} 35. Qxe5 {[%emt 0:00:50]} Rxh5+ {[%emt 0:00:00]} 36. Kg1 {[%emt 0:02:17]} Rg5+ {[%emt 0:00:00]} 37. Kf2 {[%emt 0:00:03]} Qxe5 {[%emt 0:00:10]} 38. Bxe5 {[%emt 0:00:01]} Bc6 {[%emt 0:00:37]} 39. Bxc6 {[%emt 0:00:40]} Nxc6 {[%emt 0:00:01]} 40. Bd6+ {[%emt 0:00:01]} Kf7 $11 {[%emt 0:00:01]} 41. Bxc5 {[%emt 0:00:11]} Ne5 {[%emt 0:00:21]} 42. Rd1 {[%emt 0:00:43]} h5 {[%emt 0:00:13]} 43. Bd6 {[%emt 0:00:17]} Ke6 {[%emt 0:00:27]} 44. c5 {[%emt 0:00:07]} Kd5 {[%emt 0:00:12]} 45. d4 {[%emt 0:00:28]} Nc6 {[%emt 0:00:01]} 46. Ke3 {[%emt 0:00:44]} Rg4 {[%emt 0:00:00]} 47. Bf4 {[%emt 0:00:16]} h4 {[%emt 0:00:12]} 48. Rb1 {[%emt 0:00:47]} Rg7 {[%emt 0:00:26]} 49. Rb6 {[%emt 0:01:42] Kxc5 dxc5} 1/2-1/2

[Event "Pia Cramling Ladies Open 2018"]
[Site "Stockholm"]
[Date "2018.09.02"]
[Round "5"]
[White "Andersson, Christin"]
[Black "Puuska, Heini"]
[Result "1-0"]
[WhiteElo "2077"]
[BlackElo "1961"]
[Annotator "NA RC"]
[PlyCount "117"]
[EventDate "2018.09.01"]
[EventType "swiss"]
[EventCountry "SWE"]
[SourceTitle "playchess.com"]
[Source "ChessBase"]
[SourceQuality "1"]
[TimeControl "1800+10"]

{[%evp 8,110,31,14,32767,32767,10,32767,12,7,32767,-14,-8,-14,19,-6,0,-1,-6,-4,0,0,0,11,14,8,72,31,68,-16,81,32767,13,12,61,-22,4,0,18,0,18,0,68,47,49,58,60,48,95,8,63,61,54,47,179,76,47,54,70,43,32767,32767,32767,75,93,32767,74,32767,32767,32767,229,333,682,397,425,427,32767,1079,412,407,656,32767,32767,32767,32767,32767,32767,1619,1787,32767,32767,32767,32767,857,32767,29956,32767,32767,32767,29979,29979,32767,32767,32767,29984]} 1. e4 {[%emt 0:00:00]} c6 {[%emt 0:00:00]} 2. d4 {[%emt 0:00:10]} d5 {[%emt 0:00:14]} 3. exd5 {[%emt 0:00:02]} cxd5 {[%emt 0:00:08]} 4. Nf3 {[%emt 0:00:05]} Nf6 {[%emt 0:00:34]} 5. Bb5+ {[%emt 0:00:08]} Nc6 {[%emt 0:01:04] B13: Caro-Kann: Exchange Variation and Panov-Botvinnik Attack} 6. Ne5 {[%emt 0:00:25]} Bd7 {[%emt 0:00:13]} 7. Nxd7 {[%emt 0:00:23]} Qxd7 {[%emt 0:01:21] LiveBook: 46 Games} 8. O-O {[%emt 0:00:15]} (8. c3 e6 9. O-O Bd6 10. Nd2 O-O 11. Re1 a6 12. Bd3 e5 13. dxe5 Nxe5 {1-0 (52) Kramnik,V (2787)-Caruana,F (2811) Wijk aan Zee 2018}) 8... a6 {[%emt 0:00:51]} 9. Ba4 {[%emt 0:00:22]} b5 {[%emt 0:02:21]} 10. Bb3 {[%emt 0:00:03]} Na5 $146 {[%emt 0:01:23]} ({Predecessor:} 10... e6 11. c3 Bd6 {½-½ (27) Szurovszky,E (2024)-Pap,A (1958) Hungary 2013}) 11. Bg5 {[%emt 0:00:32]} Ne4 {[%emt 0:00:57]} 12. Bf4 {[%emt 0:00:09]} e6 {[%emt 0:00:12]} 13. Nd2 {[%emt 0:00:54]} Nxd2 {[%emt 0:00:32]} 14. Qxd2 {[%emt 0:00:08]} Nc4 {[%emt 0:00:28]} 15. Bxc4 {[%emt 0:00:06]} bxc4 {[%emt 0:00:15]} 16. Be5 {[%emt 0:00:06]} Rg8 {[%emt 0:02:22]} (16... f6 $11 17. Bg3 h5) 17. Rfe1 {[%emt 0:00:21]} Bd6 {[%emt 0:00:14]} 18. f4 {[%emt 0:00:56]} ({Lieber} 18. Rab1 $16) 18... Bxe5 {[%emt 0:00:45]} (18... Be7 $11) 19. Rxe5 {[%emt 0:00:29]} g6 $1 {[%emt 0:00:27]} 20. Rae1 {[%emt 0:00:10]} Rb8 {[%emt 0:01:11]} 21. Qa5 {[%emt 0:01:03]} (21. b3 $5 {[%cal Rb3c4]}) 21... Qb5 {[%emt 0:01:39]} 22. Rxd5 {[%emt 0:00:32]} Qxa5 {[%emt 0:00:03]} 23. Rxa5 {[%emt 0:00:02]} Rxb2 {[%emt 0:00:16]} 24. Rxa6 {[%emt 0:00:39]} Kf8 {[%emt 0:00:12]} (24... Ke7 $11) 25. Re2 {[%emt 0:00:59]} Kg7 {[%emt 0:00:12]} 26. Kf2 {[%emt 0:00:40]} Rgb8 {[%emt 0:01:50]} 27. Ra4 {[%emt 0:00:24]} c3 {[%emt 0:01:08]} 28. Ra3 {[%emt 0:00:32]} (28. Ke3 $16) 28... R8b4 {[%emt 0:00:35]} (28... Rd8 $11) 29. Ke3 {[%emt 0:00:16]} Rc4 {[%emt 0:01:12]} 30. Kd3 {[%emt 0:00:59]} Rc7 {[%emt 0:00:05]} (30... Rbb4 $14) 31. Re5 {[%emt 0:00:20]} (31. Re1 $18) 31... Rb1 {[%emt 0:00:26]} 32. Rxc3 {[%emt 0:00:44]} Ra7 {[%emt 0:00:20]} 33. a3 {[%emt 0:00:24]} Rg1 {[%emt 0:00:39]} 34. Re2 {[%emt 0:00:27]} Ra1 {[%emt 0:00:02]} 35. Rd2 {[%emt 0:00:30]} h5 {[%emt 0:00:23]} 36. Rb3 {[%emt 0:00:13]} Kf6 {[%emt 0:00:48]} 37. c4 {[%emt 0:01:02]} Kf5 {[%emt 0:00:23]} 38. c5 {[%emt 0:00:31]} Kxf4 {[%emt 0:00:43]} 39. c6 {[%emt 0:00:19]} R1xa3 $2 {[%emt 0:02:07]} (39... h4 40. Rc2 Rc7) 40. Rxa3 {[%emt 0:00:02]} Rxa3+ {[%emt 0:00:01]} 41. Kc4 {[%emt 0:00:09]} Ke3 {[%emt 0:00:34]} 42. Rc2 {[%emt 0:00:20]} Ra8 {[%emt 0:00:42]} 43. d5 {[%emt 0:00:20]} exd5+ {[%emt 0:00:07]} 44. Kxd5 {[%emt 0:00:02]} Kd3 {[%emt 0:01:04]} 45. Rf2 {[%emt 0:00:08]} Rd8+ {[%emt 0:00:04]} 46. Kc5 {[%emt 0:00:05]} f5 {[%emt 0:00:10]} 47. c7 {[%emt 0:00:07]} Rc8 {[%emt 0:00:05]} 48. Kc6 {[%emt 0:00:02]} Ke3 {[%emt 0:00:08]} 49. Ra2 {[%emt 0:00:05]} g5 {[%emt 0:00:15]} 50. Kd7 {[%emt 0:00:16]} (50. Ra5 $142 Ke4 51. Kd7) 50... Rg8 {[%emt 0:00:25]} 51. c8=Q {[%emt 0:00:16]} Rxc8 {[%emt 0:00:01]} 52. Kxc8 {[%emt 0:00:02]} h4 {[%emt 0:00:47]} 53. Kd7 {[%emt 0:00:13]} g4 {[%emt 0:00:07]} 54. Ke6 {[%emt 0:00:09]} f4 {[%emt 0:00:01]} 55. Kf5 {[%emt 0:00:16]} g3 {[%emt 0:01:16]} 56. hxg3 {[%emt 0:00:04]} hxg3 {[%emt 0:00:36]} 57. Kg4 {[%emt 0:00:04]} Ke4 {[%emt 0:01:00]} 58. Ra4+ {[%emt 0:00:02]} Ke3 {[%emt 0:00:01]} 59. Rxf4 {[%emt 0:00:03]} 1-0

[Event "Pia Cramling Ladies Open 2018"]
[Site "Stockholm"]
[Date "2018.09.02"]
[Round "5"]
[White "Tuominen, Tanja"]
[Black "Fransson, Pia"]
[Result "1-0"]
[WhiteElo "2076"]
[BlackElo "1549"]
[Annotator "NA RC"]
[PlyCount "79"]
[EventDate "2018.09.01"]
[EventType "swiss"]
[EventCountry "SWE"]
[SourceTitle "playchess.com"]
[Source "ChessBase"]
[SourceQuality "1"]
[TimeControl "1800+10"]

1. e4 {[%emt 0:00:00]} d5 {[%emt 0:00:00]} 2. exd5 {[%emt 0:00:00]} Qxd5 {[%emt 0:00:00]} 3. d4 {[%emt 0:00:02]} Nf6 {[%emt 0:00:00]} 4. Nc3 {[%emt 0:00:39]} Qd8 {[%emt 0:00:00]} 5. Nf3 {[%emt 0:00:41] LiveBook: 389 Games} Bg4 {[%emt 0:00:10]} 6. Be2 {[%emt 0:00:14]} e6 {[%emt 0:00:02]} 7. O-O {[%emt 0:00:11]} Be7 {[%emt 0:00:03] B01: Scandinavian Defence} (7... c6 8. h3 Bh5 9. a3 Bd6 10. Ne5 Bxe2 11. Qxe2 Nbd7 12. Bg5 Qc7 13. Rfe1 O-O 14. Nxd7 Nxd7 15. Ne4 {1-0 (47) Shkuran,D (2425)-Vovk,Y (2611) Lvov 2016}) 8. h3 {[%emt 0:00:09]} Bh5 {[%emt 0:00:31]} 9. Bf4 {[%emt 0:00:31]} O-O {[%emt 0:00:07]} 10. Ne5 $146 {[%emt 0:01:35]} ({Predecessor:} 10. Qd2 c6 11. Rad1 Nbd7 12. Ne5 Bxe2 13. Qxe2 Nd5 14. Nxd5 cxd5 15. Rd3 {1-0 (54) Timoshin,A (1852)-Petrov,D (2260) Tallinn 2018}) 10... Bxe2 {[%emt 0:00:19]} 11. Nxe2 {[%emt 0:00:12]} Nbd7 {[%emt 0:00:51]} 12. Nf3 {[%emt 0:01:41]} Nd5 {[%emt 0:01:34]} 13. Bg3 {[%emt 0:00:25]} b5 {[%emt 0:00:04]} 14. Qd3 {[%emt 0:02:15]} c6 {[%emt 0:04:28]} 15. a4 {[%emt 0:02:48]} a6 {[%emt 0:06:45]} 16. Nf4 {[%emt 0:03:45]} Nb4 {[%emt 0:01:30]} 17. Qb3 {[%emt 0:01:37]} Nb6 {[%emt 0:02:51]} 18. axb5 {[%emt 0:01:57]} cxb5 {[%emt 0:00:37]} 19. c3 {[%emt 0:01:26]} N4d5 {[%emt 0:01:01]} 20. Ne5 {[%emt 0:01:11]} Qc8 {[%emt 0:01:19]} 21. Nxd5 {[%emt 0:01:45]} Nxd5 {[%emt 0:01:42]} 22. Ra2 {[%emt 0:00:19]} f6 {[%emt 0:00:58]} 23. Nf3 {[%emt 0:00:28]} Qc6 {[%emt 0:03:24]} 24. Rfa1 {[%emt 0:00:23]} Rfc8 {[%emt 0:02:00]} 25. Nd2 {[%emt 0:02:19]} Bd6 {[%emt 0:00:25]} 26. Bxd6 {[%emt 0:00:31]} Qxd6 $14 {[%emt 0:00:01]} 27. Ra5 {[%emt 0:00:02]} Rc6 {[%emt 0:01:50]} 28. Rxb5 {[%emt 0:01:27]} Rb6 {[%emt 0:00:50]} 29. Rxb6 {[%emt 0:03:01]} Nxb6 {[%emt 0:00:02]} 30. Ne4 {[%emt 0:00:14]} Qd5 {[%emt 0:00:03]} 31. Qxd5 {[%emt 0:00:12]} Nxd5 {[%emt 0:00:02]} 32. Nc5 {[%emt 0:00:05]} Rb8 {[%emt 0:00:16]} 33. Ra2 {[%emt 0:01:06]} a5 {[%emt 0:00:12]} 34. Nxe6 {[%emt 0:00:10]} Kf7 {[%emt 0:00:03]} 35. Nc5 {[%emt 0:00:08]} Nf4 {[%emt 0:00:19]} 36. Kf1 {[%emt 0:00:10]} Ne6 {[%emt 0:00:49]} 37. Nxe6 {[%emt 0:00:19]} Kxe6 {[%emt 0:00:01]} 38. Ke2 {[%emt 0:00:02]} Kd5 {[%emt 0:00:01]} 39. Kd3 {[%emt 0:00:01]} Rb3 {[%emt 0:00:11]} 40. Rxa5+ {[%emt 0:00:07]} 1-0

[Event "Pia Cramling Ladies Open 2018"]
[Site "Stockholm"]
[Date "2018.09.02"]
[Round "5"]
[White "Fransson, Angelina"]
[Black "Bengtsson, Jessica"]
[Result "0-1"]
[WhiteElo "2004"]
[BlackElo "1986"]
[Annotator "NA RC"]
[PlyCount "62"]
[EventDate "2018.09.01"]
[EventType "swiss"]
[EventCountry "SWE"]
[SourceTitle "playchess.com"]
[Source "ChessBase"]
[SourceQuality "1"]
[TimeControl "1800+10"]

1. e4 {[%emt 0:00:00]} e5 {[%emt 0:00:07]} 2. Nf3 {[%emt 0:00:00]} Nc6 {[%emt 0:00:05]} 3. d4 {[%emt 0:00:00]} exd4 {[%emt 0:00:12]} 4. Bc4 {[%emt 0:00:00]} Bc5 {[%emt 0:00:15]} 5. c3 {[%emt 0:00:11]} Nf6 {[%emt 0:00:15]} 6. e5 {[%emt 0:02:28]} d5 {[%emt 0:00:17]} 7. Bb5 {[%emt 0:00:06]} Ne4 {[%emt 0:00:08]} 8. Nxd4 {[%emt 0:02:10]} (8. cxd4 $11 Be7 9. O-O) 8... Bd7 {[%emt 0:03:51]} 9. Bxc6 {[%emt 0:00:02]} bxc6 {[%emt 0:06:00]} 10. O-O {[%emt 0:00:12]} O-O {[%emt 0:00:22]} 11. f3 {[%emt 0:01:31] C56: Two Knights: 4 d4 exd4 5 0-0 Nxe4} Ng5 {[%emt 0:00:34] LiveBook: 5 Games} 12. Be3 {[%emt 0:02:30]} Ne6 {[%emt 0:04:06]} (12... f6 $15 13. Bxg5 fxg5) 13. f4 {[%emt 0:02:05]} Re8 {[%emt 0:03:33]} (13... f5 14. Nd2 Bxd4 15. cxd4 c5 16. Nf3 Bb5 17. Rf2 c4 18. Ng5 Qe7 19. Nxe6 Qxe6 20. Bd2 {½-½ (58) Cvek,R (2506)-Balogh,C (2631) Slovakia 2018}) 14. Qe1 $146 {[%emt 0:05:59]} ({Predecessor:} 14. Nd2 Bb6 15. Qf3 Nf8 16. Qf2 Ng6 17. b4 a5 18. N2b3 axb4 19. cxb4 Ra4 20. a3 Qa8 21. Qd2 Qa6 22. Rfc1 Ra8 23. Nc5 Bxc5 24. Rxc5 Rxa3 {½-½ (24) Van Leeuwen,E (2484)-Jansen,J (2427) ICCF email 2013}) 14... Rb8 {[%emt 0:01:18]} (14... Bxd4 $5 15. cxd4 c5 $15) 15. Nd2 {[%emt 0:08:52]} Bxd4 {[%emt 0:03:59]} 16. cxd4 {[%emt 0:00:06]} c5 {[%emt 0:00:11]} 17. dxc5 {[%emt 0:03:11]} d4 {[%emt 0:00:12]} 18. f5 {[%emt 0:00:01]} dxe3 {[%emt 0:01:40]} 19. fxe6 {[%emt 0:00:02]} Bxe6 {[%emt 0:00:20]} 20. Qxe3 {[%emt 0:00:04]} Rxb2 {[%emt 0:00:20]} 21. Rad1 {[%emt 0:00:48]} Qa8 {[%emt 0:02:19]} 22. Qg3 {[%emt 0:00:45]} Rxa2 {[%emt 0:00:48]} 23. Nf3 {[%emt 0:00:33]} Bd5 {[%emt 0:00:34]} 24. Rd4 {[%emt 0:00:08]} Qc6 {[%emt 0:00:31]} 25. Rc1 {[%emt 0:00:23]} h6 {[%emt 0:00:19]} 26. Rg4 {[%emt 0:00:26]} g6 {[%emt 0:00:23]} 27. Nd4 {[%emt 0:00:25]} Qd7 {[%emt 0:01:08]} 28. c6 {[%emt 0:00:13]} Qe7 {[%emt 0:00:16]} 29. Re1 {[%emt 0:00:07]} Rxg2+ {[%emt 0:00:07]} 30. Qxg2 {[%emt 0:00:06]} Bxg2 {[%emt 0:00:01]} 31. Rxg2 {[%emt 0:00:02]} Qc5 $19 {[%emt 0:00:03]} 0-1

[Event "Pia Cramling Ladies Open 2018"]
[Site "Stockholm"]
[Date "2018.09.02"]
[Round "5"]
[White "Johansson, Eva"]
[Black "Bengtsson, Siv"]
[Result "1/2-1/2"]
[WhiteElo "1881"]
[BlackElo "2111"]
[Annotator "TA"]
[PlyCount "57"]
[EventDate "2018.09.01"]
[EventType "swiss"]
[EventCountry "SWE"]
[SourceTitle "playchess.com"]
[Source "ChessBase"]
[SourceQuality "1"]

{[%evp 14,57,-9,-27,13,12,17,16,-4,-2,-16,-8,0,0,0,0,-3,-19,0,-18,-18,-27,0,0,0,-37,45,35,58,41,44,37,99,17,80,16,30,23,21,17,65,30,29,22,50,56]} 1. d4 Nf6 2. Nf3 g6 3. c4 Bg7 4. Nc3 d5 5. e3 O-O 6. Be2 c5 7. O-O cxd4 8. Nxd4 {LiveBook: 43 Games} e5 {D94: Grünfeld: 4 Nf3 Bg7 5 e3} (8... dxc4 9. Bxc4 a6 10. a4 Qc7 11. b3 Nbd7 12. Bb2 Nb6 13. Bd3 Rd8 14. Rc1 e5 15. Nf3 Qe7 16. Qc2 Bg4 17. a5 Nbd5 18. Nxd5 Rxd5 {½-½ (27) Reinderman,D (2584)-Ernst,S (2535) Amsterdam 2016}) 9. Nf3 {[%cal Rc4d5]} e4 10. Nd4 dxc4 {The position is equal.} 11. Bxc4 Qc7 12. Be2 a6 13. Bd2 Nc6 $146 ({Predecessor:} 13... Bd7 14. Rc1 Nc6 15. Na4 b5 16. Nxc6 Bxc6 {½-½ (41) Zander,A (2195)-Strohmeyer,J Germany 2000}) 14. Nxc6 Qxc6 15. Rc1 Qd6 16. Qc2 Re8 17. h3 Bd7 18. Rfd1 Qe5 19. Qb3 Bc6 (19... b5 $15) 20. Bc4 $14 Re7 21. Be1 b5 22. Bf1 Bb7 (22... Rd7 $14) 23. a3 (23. a4 $16) 23... Rd7 {[#]} (23... Nd7 $11 {remains equal.}) 24. Ne2 ({White should play} 24. a4 $1 $16) 24... Rad8 25. Rxd7 Rxd7 26. Bc3 Qe7 27. Rd1 Bd5 28. Qc2 h5 29. Nf4 {Precision: White = 35%, Black = 26%.} 1/2-1/2